000
00405nam a2200133Ia 4500
008
100328s9999 xx 000 0 und d
082
_b
30219
100
_a
गाडगीळ नरहर विष्णु
245
_a
स्मृतिशेष
260
_b
कॉन्टिनेन्टल
630
_a
स्मृतिशेष
730
_a
स्मृतिशेष
942
_c
BOOK
999
_c
521194
_d
521191